| 000 | 00679nam a22002177a 4500 | ||
|---|---|---|---|
| 003 | OSt | ||
| 005 | 20140310181922.0 | ||
| 008 | 130718t xxu||||| |||| 00| 0 eng d | ||
| 050 |
_aQA 135.6 _b.L528 2008 |
||
| 082 |
_aTR 372 _bL529mu 2008 |
||
| 100 |
_aLeigh, Trish _91698 |
||
| 245 |
_aMaths and computers : _bmaking I.T. count : upper primary / _cTrish Leigh. |
||
| 260 |
_aPort Melbourne, Vic : _bRigby, _cc2008. |
||
| 300 |
_a48 p. ; _bill. ; _c28 cm. |
||
| 521 | _aFaculty | ||
| 541 | _j1 | ||
| 562 | _e1 | ||
| 650 |
_aMathematics _xStudy and teaching (Primary) _xComputer-assisted instruction _91699 |
||
| 700 |
_aLeigh, Trish _91700 |
||
| 942 |
_2lcc _cBK-TR _kTR |
||
| 999 |
_c6999 _d6999 |
||